| 000 | 00358 a2200169 4500 | ||
|---|---|---|---|
| 001 | 169632 | ||
| 020 | _a978-85-260-1963-8 | ||
| 040 | _cMagnum | ||
| 100 | _aRey, Marcos | ||
| 240 | 1 | 0 |
_aA arca dos marechais _lpor |
| 245 | 1 | 0 | _aA arca dos marechais |
| 300 | _a137 | ||
| 362 | 0 | _a2014 | |
| 440 | 1 | _aGlobal | |
| 697 | _aLITERATURA JUVENIL | ||
| 942 | _cBK | ||
| 999 |
_c169632 _d169632 |
||